000 00621nam a22001937a 4500
999 _c166477
_d166477
005 20190724170731.0
010 _aUR-10279
020 _c200.00
_a9789388736220
035 _aU-8834
037 _bDBAD/PUB
082 _a840.92
100 _aغضنفر
245 _aخو ش ر نگ چہر ے
_cغضنفر
246 _bKhush Rang Chehre (Urdu)
_aby Ghazanfar
260 _a Delhi
_bEducational Publishing House
_c2018 ء
270 _a3191،Vakil Street,Kucha Pandit,Lal Kuan,
_bDelhi
_e110006
_k23216162
_l00911123211540
300 _a158 ص
_c22 Cm(Hb)
942 _2ddc
_cUR
_h840.92
_mغ ض ن